Les indo-européens préhistoire des langues des moers et des croyances de L'europe

Salvato in:
Dettagli Bibliografici
Autore principale: Carnoy, Albert
Natura: Libro
Lingua:Undetermined
Pubblicazione: París, Francia Vromant 1921
Soggetti:
Tags: Aggiungi Tag
Nessun Tag, puoi essere il primo ad aggiungerne!!

MARC

LEADER 00000nam a2200000Ia 4500
008 170316s9999 xx 000 0 und d
090 |a 410 C-2i 
100 |a Carnoy, Albert 
245 |a Les indo-européens préhistoire des langues des moers et des croyances de L'europe 
260 |a París, Francia 
260 |b Vromant 
260 |c 1921 
300 |a 256 páginas 
650 |a LINGÜÍSTICA 
999 |c 18302  |d 18302 
040 |a cru BVZT 
942 |c 15 D  |h 410 C-2i  |2 z